01232 2200373 4500001002100000005001500021035002000036007000300056008004100059020002200100082001400122084001600136100002800152245019100180250002500371300003100396650001000427700002700437700003400464700003300498700004100531700002700572700002600599504002500625264003400650336002100684337003000705338002300735040002200758090002200780850001200802999002200814990002200836INLIS00000000090294620260218014242 a0010-0226000782ta260218s2025 yoi g ind  a978-623-6407-35-604223a340.3 a340.3 SYA u1 aSyamsudin, MePengarang10aUrgensi pendekatan hukum islam dalam mengkaji hukum adat Indonesia /cM. Syamsudin, Abdul Jamil, Umar Haris Sanjaya, Sheila Noor Baity, Catur Septiana Rakhmawati, Riky Rustam, Sahid Hadi aCetakan : April 2025 axiii, 191 halaman ;c23 cm 4aHukum0 aAbdul JamilePengarang0 aUmar Haris SanjayaePengarang0 aSheila Noor BaityePengarang0 aCatur Septiana RakhmawatiePengarang0 aRiky RustamePengarang0 aSahid HadiePengarang aTermasuk bibliografi31aSleman :bFH UII Press,c2025 2rdacontentateks 2rdamediaatanpa perantara 2rdacarrieravolume aYOPDYOGbinderda aCB-D.11 2025-5202 aYOPDYOG aCB.D.11/2025-5202 aCB-D.11/2025-5202